00757nam a2200205Ia 4500008004100000020001800041022001500059040001300074082001600087245014800103260005300251300003200304500005000336650004000386650004900426650001200475650002600487700002000513700001800533191130s2007##################000#0#eng## a9780691130101 a2006050993 aACLcACL a306.362 APP aBuying freedom : the ethics and economics of slave redemptioncedited by Kwame Anthony Appiah and Martin Bunzl ; with a foreword by Kevin Bales aPrinceton, NJbPrinceton University Presscc2007 axii, 283 p. : ill. ; 24 cm. aIncludes bibliographical references and index aRedemption (Law) - Economic aspects aRedemption (Law) - Moral and ethical aspects aSlavery aSlaves - Emancipation aAppiah, Anthony aBunzl, Martin